000 00844nam a2200265Ia 4500
003 OSt
005 20220928115132.0
006 a|||||r|||| 00| 0
007 ta
008 220927b |||||||| |||| 00| 0 eng d
020 _c11469.030000000001
024 _a113356
037 _b201, 30/11/2011, N.R.Book Distributors
_cTextual
040 _aSDCL
_cSDCL
_beng
041 _2eng
_aeng
082 _aG:424n1,N47, Q1
100 _aGottesman Susan Ed.
_9398847
245 0 _aAnnual review of microbiology.V65.
260 _aCalifornia
_bAnnual Reviews
_c2011
300 _ax,661p.
_ccm.
650 _aMicrobiology
700 _a Harwood Caroline S Ed.
_9398848
942 _hG:424n1,N47, Q1
_cTEXL
_2CC
999 _c758354
_d758354